000 00588nam a2200181Ia 4500
008 240729s9999 xx 000 0 und d
022 _a2687-3737
245 0 _aJournal of Tourism, Leisure and Hospitality
260 _aTürkiye
260 _bAnadolu University
650 _a Home economics
650 _a Hospitality industry. Hotels, clubs, restaurants, etc. Food service
650 _a Recreation. Leisure | Technology
650 _aGeography. Anthropology. Recreation
856 _uhttps://doaj.org/toc/bfcc9ee9011a4c0d80b2ea321fc39e4d
942 _2ddc
942 _cDOAJEJ
999 _c70443
_d70443
945 _a1
_bMadushi Gamage
_c1
_dMadushi Gamage